000 00574nam a2200193Ia 4500
005 20250326141942.0
008 250326s9999 xx 000 0 und d
020 _a0-471-80143-7
037 _aTextbook
040 _aFMSL
_beng
_cFMSL
041 _aeng
_2eng
084 _aT:3obX:8 M6
_qFMSL
100 _aLambert Clark
_9318775
245 0 _aSecrets of a successful trainer : simplified guide for survival
_cLambert Clark
260 _aNew York
_bNew York, Johan Wiley
_c1986
300 _a351p
942 _cTB
_hT:3obX:8 M6
999 _c1292762
_d1292762